000 01232nam0a2200337 4500
001 RU\NLR\bibl\406126
005 20260405180039.0
010 _a5-94117-054-8
_92000
021 _aRU
_b2003-18313
_9838
035 _a(NLR Aleph) 000400246
090 _a570602
_c570602
100 _a20030530d2003 |||y0rusy50 ca
101 0 _arus
102 _aRU
105 _aa |||||||||
200 1 _aНеполное собрание сочинений
_e[Стихи]
_fМихаил Генделев
_g[Авт. предисл. М. Вайскопф; Авт. послесл. Л. Кацис; Коммент. Н. Коноплевой]
210 _aМ.
_cВремя
_d2003
215 _a558,[1] с.
_cил.
_d17
225 1 _aПоэтическая библиотека
675 _a821.161.1-1Генделев
_v3
_zrus
686 _a17.82
_2rugasnti
686 _a84(2Рос-Рус)6-5
_2rubbk
686 _aШ6(2=Р)6-5
700 1 _4070
_7ca
_8rus
_aГенделев
_bМ. С.
_f1950-2009
_gМихаил Самюэльевич
_959966
_3RU\NLR\auth\7777038
801 0 _aRU
_bRKP
_c20030530
_gPSBO
801 1 _aRU
_bRKP
_c20030530
801 2 _aRU
_bNLR
_c20090518
_grcr
942 _cBOOK
980 _aNB